000 00628nam a2200205Ii 4500
003 JO-AjNU
008 230605s9999||||xx |||||||||||||| ||und||
040 _aJO-AjNU
_bara
_erda
_cJO-AjNU
041 _aara
050 1 4 _aHQ503 1996
100 3 _aالرواجبه، عايدة احمد,
_eauthor
_97035
245 0 0 _aسر الحياة الزوجية السعيدة
250 _aط1
264 3 1 _aعمان: دار اشراق للنشر والتوزيع، 1996
300 _a112ص
336 _atext
_btxt
_2rdacontent
337 _aunmediated
_bn
_2rdamedia
338 _avolume
_bnc
_2rdacarrier
650 4 _aالزواج
_97036
999 _aA75
_c3643
_d3643